000 00327nam a22001457a 4500
008 230404b ||||| |||| 00| 0 eng d
020 _a9780761126768
041 _aeng
080 _a159.9
082 _a159.9PIS
100 _a25
101 _aPSI
245 _aTAKE A LOAD OFF YOUR HEART
_cPISCATELLA.C.J
942 _2udc
_cBK
999 _c59494
_d59494